[Event "Bialystok Zamenhof Memorial-B 36th"]
[Site "Bialystok"]
[Date "2017.12.29"]
[Round "6"]
[White "Mucha, Piotr"]
[Black "Litner, Igor"]
[Result "1-0"]
[WhiteElo "2165"]
[BlackElo "1941"]
[PlyCount "69"]
[EventDate "2017.12.27"]
[EventType "swiss"]
[EventRounds "9"]
[EventCountry "POL"]
[SourceTitle "CBM 182 Extra"]
[Source "ChessBase"]
[SourceDate "2018.02.23"]
[SourceVersion "1"]
[SourceVersionDate "2018.02.23"]
[SourceQuality "1"]

1. e4 d6 2. d4 Nf6 3. Nc3 Nbd7 4. f4 c6 5. Nf3 Qc7 6. e5 Nd5 7. Nxd5 cxd5 8. e6 fxe6 9. Ng5 Nf6 10. Bb5+ Bd7 11. Nxe6 Qa5+ 12. Bd2 Qb6 13. a4 Rc8 14. 0-0 a6 15. Bxd7+ Kxd7 16. f5 g6 17. Bg5 Ne4 18. Qg4 h5 19. Qf4 Nxg5 20. Qxg5 Bh6 21. Qxg6 Be3+ 22. Kh1 Bxd4 23. a5 Qa7 24. Nf4 Bf6 25. Nxd5 Rcf8 26. Rae1 Qd4 27. Rxe7+ Bxe7 28. Qe6+ Kc6 29. Nxe7+ Kc5 30. f6 Qxb2 31. Qd5+ Kb4 32. Rf4+ Ka3 33. Qd3+ Ka2 34. Qc4+ Ka1 35. Rf1+ 1-0

[Event "Bialystok Zamenhof Memorial-B 36th"]
[Site "Bialystok"]
[Date "2017.12.27"]
[Round "2"]
[White "Krzywda, Andrzej"]
[Black "Litner, Igor"]
[Result "1-0"]
[WhiteElo "2171"]
[BlackElo "1941"]
[PlyCount "57"]
[EventDate "2017.12.27"]
[EventType "swiss"]
[EventRounds "9"]
[EventCountry "POL"]
[SourceTitle "CBM 182 Extra"]
[Source "ChessBase"]
[SourceDate "2018.02.23"]
[SourceVersion "1"]
[SourceVersionDate "2018.02.23"]
[SourceQuality "1"]

1. e4 d6 2. d4 Nf6 3. Nc3 Nbd7 4. Nf3 e5 5. Bc4 Be7 6. a4 0-0 7. 0-0 c6 8. h3 Qc7 9. Re1 b6 10. Ba2 Bb7 11. dxe5 dxe5 12. Nh4 Rfe8 13. Nf5 Bf8 14. Qf3 c5 15. Bg5 g6 16. Ne3 Bg7 17. Rad1 Rf8 18. Nb5 Qb8 19. Ng4 a6 20. Bxf6 Nxf6 21. Nxf6+ Bxf6 22. Nd6 Kg7 23. Nxb7 Qxb7 24. Bd5 Qc7 25. Bxa8 Rxa8 26. Rd5 b5 27. Red1 bxa4 28. Rd7 Qa5 29. R1d6 1-0

[Event "Bialystok Zamenhof Memorial-B 36th"]
[Site "Bialystok"]
[Date "2017.12.27"]
[Round "1"]
[White "Litner, Igor"]
[Black "Borawski, Jakub"]
[Result "1/2-1/2"]
[WhiteElo "1941"]
[BlackElo "2161"]
[PlyCount "113"]
[EventDate "2017.12.27"]
[EventType "swiss"]
[EventRounds "9"]
[EventCountry "POL"]
[SourceTitle "CBM 182 Extra"]
[Source "ChessBase"]
[SourceDate "2018.02.23"]
[SourceVersion "1"]
[SourceVersionDate "2018.02.23"]
[SourceQuality "1"]

1. d4 Nf6 2. c4 e6 3. Nf3 Bb4+ 4. Bd2 Qe7 5. g3 Nc6 6. Bg2 Bxd2+ 7. Nbxd2 d6 8. 0-0 a5 9. a3 0-0 10. Qc2 e5 11. e3 Bg4 12. Rfc1 Nd7 13. d5 Ncb8 14. b4 Na6 15. Qc3 Rfc8 16. Nb3 axb4 17. axb4 c5 18. dxc6 bxc6 19. Nfd2 e4 20. Nxe4 Ne5 21. Ned2 d5 22. cxd5 Nxb4 23. Rxa8 Rxa8 24. dxc6 Rc8 25. Qc5 Nexc6 26. Bxc6 Nxc6 27. Qxe7 Nxe7 28. Rxc8+ Bxc8 29. f3 f6 30. Kf2 Kf7 31. e4 h5 32. f4 Be6 33. Nd4 Ba2 34. N2f3 g6 35. h3 Bc4 36. g4 hxg4 37. hxg4 Ba2 38. g5 Nc8 39. gxf6 Kxf6 40. Kg3 Bb1 41. e5+ Kg7 42. Kg4 Ne7 43. Kg5 Ba2 44. Kg4 Bb1 45. Ne6+ Kf7 46. Nfg5+ Kg8 47. Kf3 Nd5 48. Ke2 Bf5 49. Kd2 Bb1 50. Kc1 Bf5 51. Kb2 Bxe6 52. Nxe6 Kf7 53. Ng5+ Ke7 54. Nh3 Ke6 55. Kb3 Nxf4 56. Nxf4+ Kxe5 57. Nxg6+ 1/2-1/2

[Event "Rubinstein Memorial-C 53rd"]
[Site "Polanica Zdroj"]
[Date "2017.08.27"]
[Round "9"]
[White "Butyrowski, Marcel"]
[Black "Litner, Igor"]
[Result "1/2-1/2"]
[WhiteElo "1830"]
[BlackElo "1991"]
[PlyCount "136"]
[EventDate "2017.08.19"]
[EventType "swiss"]
[EventRounds "9"]
[EventCountry "POL"]
[SourceTitle "CBM 180 Extra"]
[Source "ChessBase"]
[SourceDate "2017.10.06"]
[SourceVersion "1"]
[SourceVersionDate "2017.10.06"]
[SourceQuality "1"]

1. Nf3 d5 2. c4 c6 3. b3 Nf6 4. Bb2 Bf5 5. Nc3 e6 6. e3 Bd6 7. d4 0-0 8. Bd3 Be4 9. Bxe4 Nxe4 10. Nxe4 dxe4 11. Nd2 f5 12. Qc2 Nd7 13. 0-0-0 Nf6 14. f3 Bb4 15. Nf1 a5 16. a3 Bd6 17. Nd2 exf3 18. gxf3 Qe7 19. c5 Bc7 20. Nc4 Rfb8 21. e4 b6 22. Rhg1 bxc5 23. dxc5 fxe4 24. fxe4 Bf4+ 25. Kb1 e5 26. Nd6 Qe6 27. Nf5 Qxb3 28. Rxg7+ Kh8 29. Qe2 Qa4 30. Rdd7 h6 31. Qg2 Bg5 32. Rb7 Rxb7 33. Rxb7 Rd8 34. Nd6 Qd1+ 35. Ka2 Rd7 36. Nf7+ Kh7 37. Rxd7 Nxd7 38. Nxg5+ hxg5 39. Qxg5 a4 40. Qe7+ Kg8 41. Qe6+ Kf8 42. Qc4 Ke7 43. h4 Qh1 44. Qxa4 Nxc5 45. Qxc6 Nxe4 46. h5 Qh4 47. h6 Nf6 48. Qc5+ Kf7 49. Qc7+ Kg6 50. Bxe5 Kxh6 51. Qc6 Qf2+ 52. Bb2 Kg5 53. a4 Ng4 54. Qc4 Qd2 55. Qb5+ Kf4 56. a5 Ne3 57. Qa4+ Kf5 58. a6 Nd1 59. Qa3 Nxb2 60. Qxb2 Qd5+ 61. Qb3 Qd2+ 62. Kb1 Qe1+ 63. Kb2 Qe5+ 64. Kc1 Qe1+ 65. Qd1 Qe3+ 66. Kc2 Qc5+ 67. Kd2 Qd6+ 68. Ke2 Qxa6+ 1/2-1/2

[Event "Rubinstein Memorial-C 53rd"]
[Site "Polanica Zdroj"]
[Date "2017.08.26"]
[Round "8"]
[White "Litner, Igor"]
[Black "Bakalarz, Leszek"]
[Result "1/2-1/2"]
[WhiteElo "1991"]
[BlackElo "1972"]
[PlyCount "104"]
[EventDate "2017.08.19"]
[EventType "swiss"]
[EventRounds "9"]
[EventCountry "POL"]
[SourceTitle "CBM 180 Extra"]
[Source "ChessBase"]
[SourceDate "2017.10.06"]
[SourceVersion "1"]
[SourceVersionDate "2017.10.06"]
[SourceQuality "1"]

1. d4 Nf6 2. Nf3 c5 3. c3 b6 4. Bf4 Bb7 5. e3 d6 6. Bd3 Nbd7 7. h3 Qc7 8. Bh2 e5 9. Bc2 Be7 10. 0-0 0-0 11. Nbd2 Rfe8 12. Rc1 Bf8 13. b4 Rac8 14. Bb3 h6 15. a4 g6 16. Qc2 Kg7 17. Qa2 cxb4 18. cxb4 Qxc1 19. Rxc1 Rxc1+ 20. Nf1 e4 21. Nh4 d5 22. b5 Rec8 23. g4 Bb4 24. Kg2 Kf8 25. Ng3 Re1 26. Ne2 a5 27. Bg3 Re8 28. Kh2 Re7 29. Ng2 Rf1 30. Ngf4 Re1 31. Kg2 g5 32. Nh5 Nxh5 33. gxh5 Nf6 34. f4 exf3+ 35. Kxf3 Rf1+ 36. Kg2 Rf5 37. Be5 Ne4 38. Kg1 f6 39. Bxd5 Bxd5 40. Qxd5 Nd2 41. Qd8+ Kg7 42. Qxb6 Nf3+ 43. Kh1 Nxe5 44. dxe5 Rfxe5 45. Nd4 Bc5 46. Qxa5 Bxd4 47. exd4 Re1+ 48. Kg2 R7e2+ 49. Kf3 Re3+ 50. Kf2 R3e2+ 51. Kf3 Re3+ 52. Kf2 R3e2+ 1/2-1/2